iPhone puhelimet - Statistics

Yleistilastot
  • Tätä visaa on pelattu 99 kertaa
  • Keskiarvotulos 21 / 33
Vastaustilastot
Ilmestymis vuosi Malli % Oikein
2007 iPhone
100%
2010 iPhone 4
93%
2012 iPhone 5
91%
2019 iPhone 11
90%
2021 iPhone 13
89%
2014 iPhone 6
88%
2020 iPhone 12
87%
2016 iPhone 7
85%
2017 iPhone 8
84%
2017 iPhone X
84%
2020 iPhone 12 Pro
80%
2021 iPhone 13 Pro
79%
2019 iPhone 11 Pro
78%
2020 iPhone 12 Pro Max
76%
2021 iPhone 13 Pro Max
74%
2019 iPhone 11 Pro Max
73%
2016 iPhone SE (1.sukupolvi)
73%
2020 iPhone SE (2.sukupolvi)
73%
2013 iPhone 5s
61%
2018 iPhone XS
61%
2015 iPhone 6s
60%
2011 iPhone 4s
56%
2018 iPhone XR
56%
2017 iPhone 8 plus
52%
2020 iPhone 12 mini
51%
2021 iPhone 13 mini
49%
2014 iPhone 6 Plus
48%
2016 iPhone 7 Plus
47%
2008 ja 2009 iPhone 3G
26%
2018 iPhone XS Max
22%
2013 iPhone 5c
20%
2009 iPhone 3GS
19%
2015 iPhone 6s Plus
17%
Ehtoja vastaavia visoja ei löytynyt
Tulosjakauma
Jokaisen tuloksen saaneiden osuus
Persentiili vastausten määrän mukaan
Tuloshistoriasi
Et ole pelannut tätä visaa